<?xml version="1.0" encoding="UTF-8"?>
<record
    xmlns:xsi="http://www.w3.org/2001/XMLSchema-instance"
    xsi:schemaLocation="http://www.loc.gov/MARC21/slim http://www.loc.gov/standards/marcxml/schema/MARC21slim.xsd"
    xmlns="http://www.loc.gov/MARC21/slim">

  <leader>11569nas1a22007931i 4500</leader>
  <controlfield tag="001">RU\NLR\INFOCOMM21\5000044224</controlfield>
  <controlfield tag="005">20240723110959.0</controlfield>
  <datafield tag="011" ind1=" " ind2=" ">
    <subfield code="a">0207-3857</subfield>
  </datafield>
  <datafield tag="035" ind1=" " ind2=" ">
    <subfield code="a">(NLR Aleph) 002394782</subfield>
  </datafield>
  <datafield tag="090" ind1=" " ind2=" ">
    <subfield code="a">4641497</subfield>
    <subfield code="c">4641497</subfield>
  </datafield>
  <datafield tag="100" ind1=" " ind2=" ">
    <subfield code="a">20050120c1977    |||y0rusy50      ca</subfield>
  </datafield>
  <datafield tag="101" ind1="0" ind2=" ">
    <subfield code="a">rus</subfield>
  </datafield>
  <datafield tag="102" ind1=" " ind2=" ">
    <subfield code="a">RU</subfield>
  </datafield>
  <datafield tag="110" ind1=" " ind2=" ">
    <subfield code="a">ayuzz  0|y|</subfield>
  </datafield>
  <datafield tag="200" ind1="1" ind2=" ">
    <subfield code="a">&#x424;&#x430;&#x440;&#x444;&#x43E;&#x440;&#x43E;&#x432;&#x43E;-&#x444;&#x430;&#x44F;&#x43D;&#x441;&#x43E;&#x432;&#x430;&#x44F; &#x43F;&#x440;&#x43E;&#x43C;&#x44B;&#x448;&#x43B;&#x435;&#x43D;&#x43D;&#x43E;&#x441;&#x442;&#x44C;</subfield>
    <subfield code="e">&#x41E;&#x431;&#x437;&#x43E;&#x440;&#x43D;&#x430;&#x44F; &#x438;&#x43D;&#x444;&#x43E;&#x440;&#x43C;.</subfield>
    <subfield code="f">&#x426;&#x41D;&#x418;&#x418; &#x438;&#x43D;&#x444;&#x43E;&#x440;&#x43C;. &#x438; &#x442;&#x435;&#x445;&#x43D;. &#x44D;&#x43A;&#x43E;&#x43D;. &#x438;&#x441;&#x441;&#x43B;&#x435;&#x434;. &#x43B;&#x435;&#x433;. &#x43F;&#x440;&#x43E;&#x43C;-&#x441;&#x442;&#x438;</subfield>
  </datafield>
  <datafield tag="210" ind1=" " ind2=" ">
    <subfield code="a">&#x41C;.</subfield>
    <subfield code="d">1977-</subfield>
  </datafield>
  <datafield tag="300" ind1=" " ind2=" ">
    <subfield code="a">&#x412; &#x43D;&#x430;&#x434;&#x437;&#x430;&#x433;. &#x442;&#x430;&#x43A;&#x436;&#x435;: &#x41C;-&#x432;&#x43E; &#x43B;&#x435;&#x433;. &#x43F;&#x440;&#x43E;&#x43C;-&#x441;&#x442;&#x438; &#x421;&#x421;&#x421;&#x420;</subfield>
  </datafield>
  <datafield tag="430" ind1=" " ind2="0">
    <subfield code="1">2001#$a&#x41F;&#x440;&#x43E;&#x438;&#x437;&#x432;&#x43E;&#x434;&#x441;&#x442;&#x432;&#x43E; &#x43F;&#x43E;&#x441;&#x443;&#x434;&#x44B; &#x438;&#x437; &#x444;&#x430;&#x440;&#x444;&#x43E;&#x440;&#x430;, &#x444;&#x430;&#x44F;&#x43D;&#x441;&#x430; &#x438; &#x43C;&#x430;&#x439;&#x43E;&#x43B;&#x438;&#x43A;&#x438;</subfield>
    <subfield code="t">&#x41F;&#x440;&#x43E;&#x438;&#x437;&#x432;&#x43E;&#x434;&#x441;&#x442;&#x432;&#x43E; &#x43F;&#x43E;&#x441;&#x443;&#x434;&#x44B; &#x438;&#x437; &#x444;&#x430;&#x440;&#x444;&#x43E;&#x440;&#x430;, &#x444;&#x430;&#x44F;&#x43D;&#x441;&#x430; &#x438; &#x43C;&#x430;&#x439;&#x43E;&#x43B;&#x438;&#x43A;&#x438;</subfield>
  </datafield>
  <datafield tag="430" ind1=" " ind2="0">
    <subfield code="1">2001#$a&#x41F;&#x440;&#x43E;&#x438;&#x437;&#x432;&#x43E;&#x434;&#x441;&#x442;&#x432;&#x43E; &#x444;&#x430;&#x440;&#x444;&#x43E;&#x440;&#x43E;&#x432;&#x43E;&#x439; &#x438; &#x444;&#x430;&#x44F;&#x43D;&#x441;&#x43E;&#x432;&#x43E;&#x439; &#x43F;&#x43E;&#x441;&#x443;&#x434;&#x44B;</subfield>
    <subfield code="t">&#x41F;&#x440;&#x43E;&#x438;&#x437;&#x432;&#x43E;&#x434;&#x441;&#x442;&#x432;&#x43E; &#x444;&#x430;&#x440;&#x444;&#x43E;&#x440;&#x43E;&#x432;&#x43E;&#x439; &#x438; &#x444;&#x430;&#x44F;&#x43D;&#x441;&#x43E;&#x432;&#x43E;&#x439; &#x43F;&#x43E;&#x441;&#x443;&#x434;&#x44B;</subfield>
  </datafield>
  <datafield tag="430" ind1=" " ind2="0">
    <subfield code="1">2001#$a&#x41E;&#x431;&#x437;&#x43E;&#x440;&#x44B; &#x43F;&#x43E; &#x43E;&#x441;&#x43D;&#x43E;&#x432;&#x43D;&#x44B;&#x43C; &#x43D;&#x430;&#x43F;&#x440;&#x430;&#x432;&#x43B;&#x435;&#x43D;&#x438;&#x44F;&#x43C; &#x440;&#x430;&#x437;&#x432;&#x438;&#x442;&#x438;&#x44F; &#x43E;&#x442;&#x440;&#x430;&#x441;&#x43B;&#x438;$i&#x421;&#x435;&#x440;&#x438;&#x44F; "&#x41F;&#x440;&#x43E;&#x438;&#x437;&#x432;&#x43E;&#x434;&#x441;&#x442;&#x432;&#x43E; &#x444;&#x430;&#x440;&#x444;&#x43E;&#x440;&#x43E;&#x432;&#x43E;&#x439; &#x438; &#x444;&#x430;&#x44F;&#x43D;&#x441;&#x43E;&#x432;&#x43E;&#x439; &#x43F;&#x43E;&#x441;&#x443;&#x434;&#x44B;"</subfield>
    <subfield code="t">&#x41E;&#x431;&#x437;&#x43E;&#x440;&#x44B; &#x43F;&#x43E; &#x43E;&#x441;&#x43D;&#x43E;&#x432;&#x43D;&#x44B;&#x43C; &#x43D;&#x430;&#x43F;&#x440;&#x430;&#x432;&#x43B;&#x435;&#x43D;&#x438;&#x44F;&#x43C; &#x440;&#x430;&#x437;&#x432;&#x438;&#x442;&#x438;&#x44F; &#x43E;&#x442;&#x440;&#x430;&#x441;&#x43B;&#x438;</subfield>
  </datafield>
  <datafield tag="801" ind1=" " ind2="1">
    <subfield code="a">RU</subfield>
    <subfield code="b">InfoComm</subfield>
    <subfield code="c">20050120</subfield>
  </datafield>
  <datafield tag="801" ind1=" " ind2="0">
    <subfield code="a">RU</subfield>
    <subfield code="b">NLR</subfield>
    <subfield code="g">PSBO</subfield>
  </datafield>
  <datafield tag="852" ind1=" " ind2=" ">
    <subfield code="a">NLR</subfield>
    <subfield code="j">&#x41F;10/5407</subfield>
  </datafield>
  <datafield tag="942" ind1=" " ind2=" ">
    <subfield code="c">JOURNAL</subfield>
  </datafield>
  <datafield tag="980" ind1=" " ind2=" ">
    <subfield code="a">RUSPER</subfield>
  </datafield>
</record>
